Mulherzinhas (Registo nº 27590)
[ vista simples ]
| 000 -Etiqueta do registo | |
|---|---|
| Valores | 00769nam0a2200277 4500 |
| 021 ## - Número do Depósito Legal | |
| -- | PT |
| Número | 15888/87 |
| 090 ## - | |
| -- | 27590 |
| 100 ## - Dados gerais de processamento | |
| Dados gerais | 20061113d aemy0pory5001 ba |
| 106 ## - | |
| -- | r |
| 105 ## - | |
| -- | a z 000ay |
| 102 ## - País de publicação | |
| -- | PT |
| -- | Mem Martins |
| 101 0# - Língua de publicação | |
| -- | por |
| -- | eng |
| 200 1# - Titulo e menção de responsabilidade | |
| Título próprio | Mulherzinhas |
| Primeira menção de responsabilidade | Louisa May Alcott |
| Outras menções de responsabilidade | adap. António Marques Francisco |
| -- | il. João Pedro Cochofel |
| 215 ## - Descrição física | |
| Paginação / Volumes | 190, [2] p. |
| Dimensões | 18 cm. |
| 210 ## - Publicação | |
| Local de publicação | Mem Martins |
| Nome do editor | Editorial Publica |
| Data de publicação | 1987 |
| 675 ## - CDU | |
| Notação | 087.5 |
| Edição | BN |
| Língua | por |
| 675 ## - CDU | |
| Notação | 821.111 |
| Edição | BN |
| Língua | por |
| 702 #1 - Autor secundário (pessoa individual) | |
| Apelido | Francisco |
| Nome | António Marques |
| -- | 010 |
| 702 #1 - Autor secundário (pessoa individual) | |
| Apelido | Cochofel |
| Nome | João Pedro |
| -- | 440 |
| 701 ## - Co-autor principal (pessoa individual) | |
| -- | 010 |
| 701 #1 - Co-autor principal (pessoa individual) | |
| -- | 440 |
| 700 #1 - Autor principal (pessoa individual) | |
| Apelido | Alcott |
| Nome | Louisa May |
| ID Autoridade | 4909 |
| 930 ## - | |
| -- | BE/CRE |
| 990 ## - Elementos KOHA | |
| Tipo de documento | Livro |
| 995 ## - Localização e informação dos exemplares | |
| -- | 18 |
| Situação do levantamento | Estado | Biblioteca de origem | Biblioteca de empréstimo | Código de barras | Cota | Permissão de empréstimo | Tipo de documento |
|---|---|---|---|---|---|---|---|
| Completo | Biblioteca da Escola Básica e Secundária Dr Isidoro de Sousa | Biblioteca da Escola Básica e Secundária Dr Isidoro de Sousa | 4221EV | 087.5 ALC | Disponível | Livro |